Dizionario Enciclopedico di Teologia Morale (Record n. 24691)

Dettagli MARC
000 -LEADER
fixed length control field 00728nam a2200277Ia 4500
003 - CONTROL NUMBER IDENTIFIER
control field IT-RoPAU
008 - FIXED-LENGTH DATA ELEMENTS--GENERAL INFORMATION
fixed length control field 120407s9999 xx 000 0 und d
040 ## - CATALOGING SOURCE
Original cataloging agency IT-RoPAU
040 ## - CATALOGING SOURCE
Transcribing agency IT-RoPAU
041 ## - LANGUAGE CODE
Language code of text/sound track or separate title ita
100 ## - MAIN ENTRY--PERSONAL NAME
Personal name Ambrogio Valsecchi
100 ## - MAIN ENTRY--PERSONAL NAME
Titles and words associated with a name a cura di
245 ## - TITLE STATEMENT
Title Dizionario Enciclopedico di Teologia Morale
250 ## - EDITION STATEMENT
Edition statement Roma
260 ## - PUBLICATION, DISTRIBUTION, ETC. (IMPRINT)
Place of publication, distribution, etc. Edizioni Paoline
260 ## - PUBLICATION, DISTRIBUTION, ETC. (IMPRINT)
Date of publication, distribution, etc. 1973
300 ## - PHYSICAL DESCRIPTION
Extent 1198 p.
300 ## - PHYSICAL DESCRIPTION
Dimensions 19 cm
490 ## - SERIES STATEMENT
Series statement I Dizionari EP
490 ## - SERIES STATEMENT
Volume/sequential designation 11
600 ## - SUBJECT ADDED ENTRY--PERSONAL NAME
Personal name "1. Teologia Morale. Dizionari. 2. Morale, Teologia. Dizionari. ISBN CDU 035 23/1a 000284"
700 ## - ADDED ENTRY--PERSONAL NAME
Personal name Leandro Rossi
700 ## - ADDED ENTRY--PERSONAL NAME
Titles and other words associated with a name a cura di
942 ## - ADDED ENTRY ELEMENTS (KOHA)
Koha item type LIBRO
Dati di copia
Withdrawn status Lost status Source of classification or shelving scheme Damaged status Not for loan Home library Current library Date acquired Total Checkouts Full call number Date last seen Price effective from Koha item type Public note
    Dewey Decimal Classification Buone Condizioni Not For Loan PAULUS-BIBLIOTECA PAULUS-BIBLIOTECA 11/04/2012   035.231 11/04/2012 11/04/2012 LIBRO Inserito da: Jole In data: 27 settembre 2011 fondo: Via A.Severo 56 Progr:6686
CREDITS: SOCIETA' SAN PAOLO Via A.Severo, 58 - ROMA (RM) & PERIODICI SAN PAOLO SRL Via Giotto, 36 MILANO & CISF Via Giotto, 36 MILANO & EDIZIONI SAN PAOLO SRL,  Piazza Soncino, 5 CINISELLO BALSAMO (MI) -- ITALY